Регионална библиотека "Любен Каравелов" - Русе

История (кратка) на промишлено и ремонтно предприятие на съобщенията - Русе (Запис номер 447317)

MARC детайли
000 -Лидер
Контролно поле с фиксирана дължина 00948nam a2200241 a 4500
003 - Код на организацията, давaща контролен номер
Контролно поле BLK
005 - Дата и час на последна редакция
Контролно поле 20230727123546.0
008 - Елементи от данни с фиксирана дължина
fixed length control field 220302b bu |||||r|||| 00| ||bu d
040 ## - Източник на каталожния запис
Идентификатор на билиотеката - собственик на записа BLK
041 ## - Код за език
Код за езика на текст/звукозапис или на отделно заглавие Български
Код за езика КДБФ Български
080 ## - УДК
Текстов определител УДК Съобщителна техника. Вж и 621.3.09. Организация и експлоатация на съобщенията вж 654
УДК код - определител по УДК 621.39
УДК определител (062)
УДК - код + определител 621.39(062)
139 ## - Редно поле
Авторски знак Истор - И 95
245 ## - Сведения за заглавието
Заглавие История (кратка) на промишлено и ремонтно предприятие на съобщенията - Русе
Подзаглавни данни [ПРПС : 1965 - 1985]
Физически носител (вид на носителя) [Малотир. изд.]
257 ## - Страна на издаване
Страна на създаване/издаване България
260 ## - Област на издателските данни
9 (RLIN) 441842
Място на издаване, разпространение и проч. Русе
Име на издателя, разпространителя и проч. б. и.
Година на издаване 1985
300 ## - Физическа характеристика
Страници 24 с.
Размери/Мащаб 21 см
380 ## - Жанр
Жанр Техника
653 #7 - Ключова дума – ненормативна
9 (RLIN) 197855
Ключова дума съобщителна техника
653 #7 - Ключова дума – ненормативна
9 (RLIN) 194408
Ключова дума предприятия
852 ## - Местоположение
Фондова буква Краезнание
Систематично-азбучна сигнатура К 62/И 95
999 ## - СИСТЕМНИ КОНТРОЛНИ НОМЕРА
Koha biblionumber 447317
Koha biblioitemnumber 447317
942 ## - АРТИКУЛИ
Вид на библиотечния материал Книги
Скрит в OPAC Не
Периодичен библиозапис Да
Koha issues (borrowed), all copies 1
944 ## - СЪЗДАВАНЕ И РЕДАКЦИЯ на ЗАПИСА
Създаване/Редакция Създаване
Дата на регистрацията/редакция 2022-03-07
Служител, извършил регистрацията/редакцията 30556
Статус, дата на статуса Теодора Пейчева-Дянкова
Наличности
Код за отписване Код за изгубен артикул Източник на класификационната схема Код за повреда Коз за рестрикции Код за отдаване Артикулен № Име на библиотеката - собственик Име на библиотеката, в която се намира в момента Статус (Текущо местоположение) Дата на вписване в системата Местоположение - отдел Цена в лева Систематично азбучна сигнатура Баркод Цена в евро Служебен тип на артикула
  Не е изгубен Universal Decimal Classification Не е повреден само за читалня ползва се в читалня 874988 Регионална библиотека "Любен Каравелов" Русе Регионална библиотека "Любен Каравелов" Русе Краезнание 2022-03-14 Краезнание 1.00 К 62/И 95 120000867932 0.51 Книги
Vip Innovations Ltd, Rousse, Bulgaria 2025